[Event "Hoogovens"]
[Site "Wijk aan Zee 60"]
[Date "1998.??.??"]
[Round "13"]
[White "Salov, Valery"]
[Black "Timman, Jan"]
[Result "0-1"]
[WhiteElo "2680"]
[BlackElo "2635"]
[Annotator "JvR"]
[PlyCount "78"]
[EventDate "1998.??.??"]
[EventCountry "NED"]

1. c4 Nf6 2. Nc3 c5 3. g3 Nc6 4. Bg2 g6 5. e3 d6 6. d4 Bg4 $5 7. Nge2 Bg7 8. d5
Na5 9. O-O O-O 10. h3 Bd7 11. b3 a6 $1 {Black takes the initiative.} 12. Rb1 b5
$1 13. cxb5 $6 (13. Qd3 {avoids a weakening.}) 13... axb5 14. b4 cxb4 15. Rxb4
Qc8 $1 16. Kh2 $6 ({Preferable is} 16. Nxb5 $1 Bxh3 17. Bxh3 Qxh3 18. Nf4 $1)
16... Qc5 17. a3 Rfc8 {Black dominates the queenside.} 18. e4 Nc4 19. Qb3 Rab8
20. Nd1 Ne8 $1 21. Ne3 Nc7 $1 22. Qd1 {The queen vacates square b3.} Na6 23.
Rb3 Ra8 24. Nf4 Qc7 $1 25. Rb1 Nc5 $1 {Timman has a great positional advantage.
} 26. Rb4 $2 ({No material is lost by} 26. Nxc4 $1 bxc4 27. Rb4 Nb3 28. Qc2)
26... Nxa3 $1 {Black has an extra pawn.} 27. Bb2 Bxb2 28. Rxb2 Ra4 29. Ng4 $5
Nxe4 30. Nh6+ Kg7 31. Nxf7 $5 Kxf7 32. Bxe4 Rxe4 33. Qf3 Qc3 34. Nd3+ Bf5 35.
g4 Rxg4 $1 36. Rb3 $5 Qxb3 37. Ne5+ $1 dxe5 38. Qxb3 Rh4 $1 39. d6+ ({Or} 39.
Qxa3 Rxh3+) 39... Nc4 {Anand and Kramnik triumphed by 81/2/13. Shirov, Timman
and Adams followed at one point and five players at two points.} 0-1

[Event "Hoogovens B"]
[Site "Wijk aan Zee 60"]
[Date "1998.??.??"]
[Round "11"]
[White "Kasimdzhanov, Rustam"]
[Black "Reinderman, Dimitri"]
[Result "0-1"]
[WhiteElo "2565"]
[BlackElo "2480"]
[Annotator "JvR"]
[PlyCount "74"]
[EventDate "1998.??.??"]
[EventCountry "NED"]

{Kasimdzhanov led by 9/10, a point before Reinderman. So Kasim needed a draw.
Dmitri got much interest from the girls, because his hair often had another
colour.} 1. e4 c5 2. Nf3 e6 3. c4 Nc6 4. Nc3 e5 5. d3 d6 6. Be2 g6 7. O-O Bg7
8. a3 Nge7 9. Rb1 a5 10. Nd5 O-O 11. Bg5 f6 12. Bd2 Nxd5 13. cxd5 Nd4 14. Nxd4
exd4 15. b4 cxb4 16. axb4 a4 17. b5 f5 18. Ra1 a3 19. exf5 Bxf5 20. Qb3 Re8 21.
Bf3 a2 22. Rfc1 g5 23. Rc2 g4 24. Bd1 Bh6 $1 {White nearly draws by the right
move.} 25. g3 $4 ({Not} 25. Bxh6 Re1#) ({Right is} 25. Bb4 $1) 25... Bxd2 26.
Rxd2 Re1+ $1 27. Kg2 Qg5 28. Rdxa2 Rxa2 29. Qxa2 Bxd3 30. Bxg4 $5 Be4+ $4 (
30... Bf1+ $1 31. Kg1 Bc4+ $1 {wins a queen.}) 31. Bf3 Qg4 32. Bxe4 Qxe4+ 33.
Kh3 Qf5+ 34. Kh4 $4 (34. Kg2 Qe4+ 35. Kh3 Qf5+ {leads to a perpetual check.})
34... h5 35. h3 Qf6+ 36. Kxh5 Re5+ 37. Kg4 Qf5+ {Kasim left broken cause
Reinderman won the B-group. However, both players were invited for the A-group
the next year.} 0-1

[Event "Hoogovens"]
[Site "Wijk aan Zee 61"]
[Date "1999.??.??"]
[Round "1"]
[White "Kasparov, Gary"]
[Black "Ivanchuk, Vassily"]
[Result "1/2-1/2"]
[WhiteElo "2810"]
[BlackElo "2710"]
[Annotator "JvR"]
[PlyCount "43"]
[EventDate "1999.??.??"]
[EventCountry "NED"]

1. d4 d5 2. c4 e6 3. Nc3 Nf6 4. cxd5 exd5 5. Bg5 c6 6. Qc2 Na6 $5 7. e3 Nb4 8.
Qd2 Bf5 9. Rc1 a5 $1 10. a3 Na6 11. Nge2 $1 {The opening ideas stem from
Spassky-Szabo, Amsterdam 1956.} h6 12. Bf4 Nd7 $5 ({Known is} 12... Bd6 {from
Barsov-Ivanov, 1994).}) 13. Ng3 Be6 14. e4 {White meets the threat of ..g5
with a useful move.} Nb6 15. exd5 Nxd5 16. Nxd5 Qxd5 $1 {Black has to worry a
bit about Na6.} 17. Bc4 ({The positional} 17. f3 Be7 18. Bc4 Qd7 19. Bxe6 Qxe6+
20. Kf2 Qd7 21. Rhe1 O-O {achieves little.}) 17... Qxg2 18. Qe3 O-O-O 19. Bxe6+
fxe6 20. Qxe6+ Rd7 21. Qe8+ Rd8 22. Qe6+ 1/2-1/2

[Event "Hoogovens"]
[Site "Wijk aan Zee 61"]
[Date "1999.??.??"]
[Round "1"]
[White "Reinderman, Dimitri"]
[Black "Anand, Viswanathan"]
[Result "0-1"]
[WhiteElo "2540"]
[BlackElo "2780"]
[Annotator "JvR"]
[PlyCount "74"]
[EventDate "1999.??.??"]
[EventCountry "NED"]

1. e4 c5 2. Nf3 d6 3. d4 cxd4 4. Nxd4 Nf6 5. Nc3 a6 6. Bc4 e6 7. Bb3 b5 8. O-O
b4 $6 9. Na4 Bd7 10. f4 Nc6 11. f5 e5 12. Nf3 $1 ({Reinderman avoids the
'theoretical'} 12. Ne6 {and keeps a plus.}) 12... h6 $5 13. Qe1 Be7 14. Qg3 $5
Kf8 {Castling is no longer possible.} 15. Qe1 $1 Rb8 16. Bd2 Qe8 17. a3 a5 18.
Kh1 Kg8 19. Rg1 $2 {An attack on the g-file will never start.} ({Anand prefers
} 19. axb4) 19... bxa3 $1 20. Rxa3 Nd4 21. Nxd4 $6 ({More resistance offers} 
21. Nc3 $1 Nxb3 22. cxb3 $1 Bd8) 21... exd4 22. Ra1 Bc6 $1 23. Bxa5 Nxe4 24.
Rf1 {The rook returns from a useless mission in order to protect f2.} h5 25.
Nb6 h4 {Anand's attack on the kingside cannot be stopped.} 26. Bd5 ({The
knight manoeuvre} 26. Nd5 Bg5 $1 27. Nf4 {seems to hold the position, but
Black answers} h3 $1 28. Nxh3 Rxh3 $1 29. gxh3 Nf2+ 30. Kg1 Nxh3#) 26... Bg5
27. Rf3 h3 $1 28. Bxc6 Qxc6 29. Qe2 Bf4 $1 30. Kg1 ({The elegant point is} 30.
Rxf4 Ng3+ $1 31. hxg3 hxg2+ 32. Kg1 Rh1+) 30... Be3+ 31. Kh1 Re8 32. Qc4 Nf2+
33. Rxf2 Qxc4 34. Nxc4 Bxf2 35. Nxd6 Re2 36. b4 Bg3 37. gxh3 Bxd6 0-1

[Event "Hoogovens"]
[Site "Wijk aan Zee 61"]
[Date "1999.??.??"]
[Round "2"]
[White "Anand, Viswanathan"]
[Black "Piket, Jeroen"]
[Result "1-0"]
[WhiteElo "2780"]
[BlackElo "2605"]
[Annotator "JvR"]
[PlyCount "81"]
[EventDate "1999.??.??"]
[EventCountry "NED"]

1. e4 e5 2. Nf3 Nc6 3. Bb5 a6 4. Ba4 Nf6 5. O-O Be7 6. Re1 b5 7. Bb3 d6 8. c3
O-O 9. h3 Na5 10. Bc2 c5 11. d4 Nd7 12. Nbd2 cxd4 13. cxd4 Nc6 14. Nb3 a5 15.
Bd3 Ba6 16. d5 Nb4 17. Bf1 a4 18. Nbd4 $1 ({Anand diverts from the usual} 18.
a3 Nxd5 19. Qxd5 axb3 20. Bxb5 {(Ivkov-Pachman, Amsterdam 1964).}) 18... exd4
19. a3 Nxd5 20. exd5 Bf6 21. Nxd4 Nc5 22. Nc6 $1 (22. Nxb5 Qd7 23. Nc3 Bxf1 24.
Kxf1 Rab8 {brings nothing (Ftacnik).}) 22... Qb6 $2 (22... Qd7 {keeps d6
protected.}) 23. Bf4 $1 Rfe8 (23... Bxb2 $6 24. Ra2 Bf6 25. Bxd6 {and a
crucial pawn has disappeared (Anand).}) 24. Qc2 $1 Nb3 25. Rad1 Qc7 {Anand
utilises the sovereign position of his pieces.} (25... Nd4 26. Rxe8+ Rxe8 27.
Nxd4 Bxd4 28. Rxd4 Rd8 29. Bg5 f6 30. Be3 {(Anand).}) 26. Re4 $1 Rxe4 27. Qxe4
Bxb2 ({Black cannot repair with} 27... Nc5 28. Qb4 Nd7 {due to} 29. Be2 $1) 28.
Re1 Qd7 29. Qb4 $1 {White dominates the position.} Bf6 30. Bxd6 h6 31. Bd3 Re8
32. Rxe8+ Qxe8 33. Be7 $1 Bb2 34. Qe4 g6 35. Bb4 Qxe4 36. Bxe4 Bf6 37. d6 Bc8
38. Bd3 Bd7 39. Nb8 Be6 40. Bxb5 Nd4 41. Bxa4 1-0

[Event "Hoogovens"]
[Site "Wijk aan Zee 61"]
[Date "1999.??.??"]
[Round "2"]
[White "Kasparov, Gary"]
[Black "Van Wely, Loek"]
[Result "1-0"]
[WhiteElo "2810"]
[BlackElo "2635"]
[Annotator "JvR"]
[PlyCount "87"]
[EventDate "1999.??.??"]
[EventCountry "NED"]

1. e4 c5 2. Nf3 Nc6 3. d4 cxd4 4. Nxd4 Nf6 5. Nc3 e5 6. Ndb5 d6 7. Bg5 a6 8.
Na3 b5 9. Nd5 Be7 10. Bxf6 Bxf6 11. c3 O-O 12. Nc2 Bg5 13. a4 bxa4 14. Rxa4 a5
15. Bb5 $5 Bb7 16. Nce3 ({Usual is} 16. O-O) 16... Bxe3 17. Nxe3 Ne7 18. O-O
Rb8 $6 ({No time loses} 18... Qb6 19. Qd3 Rfd8 20. Bc4 Bc6 21. Ra2 Qb7 {Black
controls square d5.}) 19. Qd3 Qb6 20. Bc4 Bc6 21. Ra2 Rfd8 22. b3 Qc5 ({Now} 
22... Qb7 23. Nd5 $1 Bb5 24. Rxa5 {costs a pawn.}) 23. Rfa1 Ra8 24. h4 h6 25.
h5 Bb7 26. Rd1 Bc6 27. Rda1 Bb7 28. Bd5 Bxd5 29. exd5 Rdc8 30. b4 Qxc3 31. Qxc3
Rxc3 32. Rxa5 Rb8 33. Ra7 Kf8 34. Rd7 Nc8 35. Rd8+ Ke7 36. Rg8 Rxb4 37. Ra8 Kd7
38. Rxg7 Rc1+ 39. Kh2 Rf4 40. Ng4 Ne7 41. Ra7+ Ke8 $4 (41... Rc7 42. Rxc7+ Kxc7
43. Nxh6 Rh4+ 44. Kg1 Rxh5 45. Nxf7 Kd7 {continues the fight.}) 42. g3 Rf5 43.
Rh7 Kf8 44. Ra8+ 1-0

[Event "Hoogovens"]
[Site "Wijk aan Zee 61"]
[Date "1999.??.??"]
[Round "2"]
[White "Kramnik, Vladimir"]
[Black "Yermolinsky, Alex"]
[Result "1-0"]
[WhiteElo "2750"]
[BlackElo "2595"]
[Annotator "JvR"]
[PlyCount "80"]
[EventDate "1999.??.??"]
[EventCountry "NED"]

1. d4 Nf6 2. c4 e6 3. Nc3 Bb4 4. Qc2 d6 5. Bg5 Nbd7 6. e3 b6 $6 7. Nge2 Bb7 8.
a3 Bxc3+ 9. Nxc3 h6 10. Bh4 O-O 11. f3 c5 $1 ({Known is} 11... Re8 {from
Pils-Grillitsch, 1995.}) 12. dxc5 dxc5 13. O-O-O Qe7 14. Be2 Rfd8 15. g4 Ne5
16. Rxd8+ $5 Rxd8 17. Rf1 Bc6 18. Bg3 Ng6 19. Bd3 Qd7 $1 20. Be2 Qb7 $6 (20...
Qe7 {is slightly better.}) 21. h4 Nh7 22. Rd1 $1 Re8 $2 ({Black should play} 
22... Rxd1+ 23. Qxd1 Nhf8 {(Kramnik) and suffer.}) 23. Nb5 Bxb5 24. cxb5 Nf6
25. g5 $5 hxg5 26. hxg5 Nd5 27. Qd2 Qe7 28. e4 Nc7 29. f4 e5 30. f5 Nf4 (30...
Nf8 31. g6) 31. Bxf4 $1 exf4 32. g6 $1 {White utilises the critical moment.}
Qxe4 ({The pointe is} 32... fxg6 33. Bc4+ Kf8 34. Qh2 $1 {(Kramnik).}) 33.
gxf7+ Kxf7 34. Bh5+ Kf8 35. Qd6+ $5 Qe7 (35... Re7 $2 36. f6) 36. Bxe8 Qxd6 37.
Rxd6 Kxe8 38. a4 Ke7 39. Rg6 Nd5 40. Kd2 Ne3 {Super trio: Anand 2, Kasparov
and Kramnik 1 1/2.} 1-0

[Event "Hoogovens"]
[Site "Wijk aan Zee 61"]
[Date "1999.??.??"]
[Round "3"]
[White "Piket, Jeroen"]
[Black "Timman, Jan"]
[Result "1-0"]
[WhiteElo "2605"]
[BlackElo "2645"]
[Annotator "JvR"]
[PlyCount "61"]
[EventDate "1999.??.??"]
[EventCountry "NED"]

1. d4 e6 2. c4 b6 $6 3. e4 Bb7 4. Nc3 Bb4 5. f3 f5 6. exf5 exf5 7. Nh3 Nc6 {
The players have left theory fast.} 8. Bg5 Nf6 9. Qe2+ Kf7 10. O-O-O Bxc3 11.
bxc3 h6 12. Bh4 Qe7 13. Qb2 g5 14. Bf2 Na5 $2 (14... d6 15. Bd3 Qd7 {
reorganises the defence.}) 15. Re1 Qf8 16. Re5 f4 17. Rf5 Rg8 18. Bd3 Ba6 19.
Nxf4 $1 gxf4 20. Bh4 Rg5 ({Or} 20... Rg6 21. Rxf4 Rg5 22. Rf1 $1 Bxc4 23. Rxf6+
$1 Kxf6 24. f4 {(Stohl).}) 21. Bxg5 hxg5 22. h4 $3 {Piket makes a diversionary
attack on the kingside.} Qh6 23. Re1 $1 gxh4 24. Qe2 {He controls the e-file
as a result.} Rf8 25. Qe7+ (25. Qe5 $1 {wins faster.}) 25... Kg8 26. Rxf6 $1
Rxf6 27. Qxd7 Qg7 28. Re8+ Rf8 29. Re7 Rf7 30. Qe6 Qf6 31. Re8+ (31. Re8+ Kg7
32. Qg4+ Kh6 33. Rh8+ $1 Qxh8 34. Qg6#) 1-0

[Event "Hoogovens"]
[Site "Wijk aan Zee 61"]
[Date "1999.??.??"]
[Round "3"]
[White "Shirov, Alexei"]
[Black "Anand, Viswanathan"]
[Result "1/2-1/2"]
[WhiteElo "2725"]
[BlackElo "2780"]
[Annotator "JvR"]
[PlyCount "80"]
[EventDate "1999.??.??"]
[EventCountry "NED"]

1. e4 c5 2. Nf3 e6 3. d4 cxd4 4. Nxd4 Nc6 5. Nc3 Qc7 6. Be2 a6 7. Be3 Nf6 8.
O-O Bb4 9. Na4 Be7 10. Nxc6 bxc6 11. Bd3 c5 12. c4 Bb7 13. Nc3 O-O 14. f4 d6
15. Qf3 Rad8 16. Qh3 ({Known is} 16. Rad1 {from Renet-Horvath, Leukerbad 1992.}
) 16... Rfe8 17. Rae1 Nd7 18. Rf3 ({Slightly better is} 18. e5 $1 Nf8 19. f5)
18... Nf8 19. f5 Bf6 20. fxe6 Rxe6 ({Anand analyses} 20... fxe6 $1 21. e5 Bxf3
22. exf6 Bc6 {and a dynamic equality.}) 21. Nd5 Bxd5 22. exd5 Rxe3 $1 23. Rfxe3
Bd4 24. Kh1 Bxe3 25. Qxe3 Qb8 26. Qe7 Nd7 27. Bc2 Ne5 28. Ba4 $6 ({Wiser is} 
28. Qh4 h6 29. b3 Re8) 28... Ng6 (28... Nxc4 $2 29. Be8 Ne5 30. Rxe5 $1) 29.
Qg5 h6 30. Qd2 Ne5 31. b3 Qc7 32. h3 Rf8 $6 (32... f6 $5 {prevents the next
move.}) {The bishop stands isolated on the border. Shirov finds an activation.}
33. Rxe5 $1 dxe5 34. d6 Qd8 35. Qd5 Qg5 36. Qxc5 Qc1+ 37. Kh2 Qf4+ 38. Kg1 Qc1+
39. Kh2 Qf4+ 40. Kh1 Qc1+ 1/2-1/2

[Event "Hoogovens"]
[Site "Wijk aan Zee 61"]
[Date "1999.??.??"]
[Round "3"]
[White "Topalov, Veselin"]
[Black "Kramnik, Vladimir"]
[Result "1/2-1/2"]
[WhiteElo "2700"]
[BlackElo "2750"]
[Annotator "JvR"]
[PlyCount "69"]
[EventDate "1999.??.??"]
[EventCountry "NED"]

1. e4 e5 2. Nf3 Nc6 3. Bb5 Nf6 4. O-O Nxe4 5. d4 Nd6 6. Bxc6 dxc6 7. dxe5 Nf5
8. Qxd8+ Kxd8 {Kramnik applies the Berlin Defence for the first time in a main
event.} 9. Nc3 Ke8 10. h3 Ne7 11. Re1 Nd5 12. Ne4 Nb4 $1 {A novelty leads to
near equality.} 13. Re2 Bf5 14. Nd4 Bxe4 15. Rxe4 c5 16. a3 cxd4 17. axb4 Bxb4
18. Rxd4 Be7 19. Be3 a6 20. Rad1 {White still has a plus in the endgame.} h5 $1
{Kramnik takes a prophylactic measure.} ({He does not like} 20... Rd8 21. Rxd8+
Bxd8 22. f4 f5 23. e6 $1 Ke7 24. Rd7+ Kxe6 25. Rxg7) 21. c3 Rd8 22. Rxd8+ Bxd8
23. f4 f5 24. exf6 ({If White plays} 24. e6 {the opponent has the time to
answer} Rh6) 24... Bxf6 25. Kf2 g6 26. Kf3 Ke7 27. Bd4 Bxd4 28. Rxd4 a5 29. Rd5
b6 30. Ke4 a4 31. Re5+ Kf6 32. f5 gxf5+ 33. Rxf5+ Kg6 34. Rd5 Rf8 35. Ke3
1/2-1/2

[Event "Hoogovens"]
[Site "Wijk aan Zee 61"]
[Date "1999.??.??"]
[Round "3"]
[White "Yermolinsky, Alex"]
[Black "Kasparov, Gary"]
[Result "0-1"]
[WhiteElo "2595"]
[BlackElo "2810"]
[Annotator "JvR"]
[PlyCount "94"]
[EventDate "1999.??.??"]
[EventCountry "NED"]

1. Nf3 c5 2. c4 Nf6 3. Nc3 d5 4. cxd5 Nxd5 5. d4 Nxc3 6. bxc3 g6 7. e4 Bg7 8.
Be3 Qa5 9. Qd2 Bg4 10. Rc1 Bxf3 11. gxf3 e6 12. d5 $2 {The d-pawn will remain
weak.} ({Right is} 12. Rb1 cxd4 13. cxd4 Qxd2+ 14. Kxd2 O-O 15. e5 {
(Vaganian-Hoelzl, Baden-Baden 1980).}) 12... exd5 13. exd5 Nd7 14. c4 Qb6 15.
Bh3 f5 16. O-O Qd6 17. Bf4 Be5 18. Rfe1 O-O-O 19. Bxe5 Nxe5 20. Qc3 Rhe8 21.
Re3 Qf6 22. f4 Nd7 23. Bg2 Qxc3 24. Rcxc3 Nf6 25. Bf3 Rxe3 26. fxe3 Rd6 27. Ra3
Kb8 28. Rb3 Ra6 29. a3 Ne8 30. e4 fxe4 31. Bxe4 Nd6 32. Bd3 Ra4 33. Rc3 Kc7 {
A favourable blockade does not suffice for the win.} 34. Kf2 $2 ({After} 34.
Be2 $1 b5 35. cxb5 Kb6 {the counteraction} 36. Rh3 $1 {starts.}) 34... b5 35.
cxb5 Kb6 36. Ke3 c4 37. Bc2 Nxb5 38. Bxa4 Nxc3 39. Be8 Kc5 40. d6 Nd5+ 41. Ke4
Nf6+ 42. Ke3 ({Insufficient is} 42. Ke5 Nxe8 43. d7 Nd6 44. d8=N c3 {(Hecht).})
42... Kxd6 43. Bf7 Kc5 44. h4 Ng4+ 45. Kd2 Kd4 46. h5 gxh5 47. Bxh5 Nf6 {Super
trio: Anand and Kasparov 2 1/2, Kramnik 2.} 0-1

[Event "Hoogovens"]
[Site "Wijk aan Zee 61"]
[Date "1999.??.??"]
[Round "4"]
[White "Anand, Viswanathan"]
[Black "Kasimdzhanov, Rustam"]
[Result "1-0"]
[WhiteElo "2780"]
[BlackElo "2595"]
[Annotator "JvR"]
[PlyCount "77"]
[EventDate "1999.??.??"]
[EventCountry "NED"]

1. e4 c5 2. Nf3 e6 3. d4 cxd4 4. Nxd4 Nc6 5. Nc3 Qc7 6. Be2 a6 7. O-O Nf6 8.
Kh1 Nxd4 9. Qxd4 Bc5 10. Qd3 b5 11. f4 Bb7 12. Bf3 O-O 13. e5 Ne8 14. Bxb7 Qxb7
15. f5 f6 16. Bf4 exf5 17. a4 $1 (17. Qxf5 fxe5 18. Qxe5 Bd6 19. Qd4 Rxf4 20.
Rxf4 Bxf4 21. Qxf4 $11 {(Oll-Hernandez, Chicago 1997).}) 17... fxe5 18. Bxe5 b4
$2 ({Correct is} 18... d6 19. axb5 axb5 20. Rxa8 Qxa8 {(Pavlovic-Ivanisevic,
Novi 2001).}) 19. Qc4+ Kh8 20. Qxc5 d6 {Anand exchages to a fine ending.} 21.
Qd5 $1 Qxd5 22. Bxg7+ $1 Nxg7 23. Nxd5 Rac8 24. Rf2 a5 25. Rd1 Rfe8 $2 ({The
restraint breaks} 25... Ne6 $1 26. Ne7 {(Anand)} Rc7 27. Nxf5 Nc5 28. Rff1 Nxa4
29. b3 Nb6) 26. b3 Rc6 27. h3 Re5 28. Kh2 Kg8 29. Rd3 Kf7 30. Ne3 Ke7 31. Nc4
$1 Rec5 32. Rfd2 Ne8 33. Re2+ Kf7 34. Rde3 Nf6 35. Re7+ Kg6 36. R2e6 f4 (36...
Rd5 37. Rd7 $1) 37. Nxd6 f3 38. Rf7 $1 Rf5 39. Rg7+ $1 1-0

[Event "Hoogovens"]
[Site "Wijk aan Zee 61"]
[Date "1999.??.??"]
[Round "4"]
[White "Kasparov, Gary"]
[Black "Topalov, Veselin"]
[Result "1-0"]
[WhiteElo "2810"]
[BlackElo "2700"]
[Annotator "JvR"]
[PlyCount "87"]
[EventDate "1999.??.??"]
[EventCountry "NED"]

1. e4 d6 2. d4 Nf6 3. Nc3 g6 4. Be3 Bg7 5. Qd2 c6 6. f3 b5 7. Nge2 Nbd7 8. Bh6
Bxh6 9. Qxh6 Bb7 10. a3 ({Gary diverts from} 10. Nc1 {(Moroz-Yarasov,
Simferopol 1991).}) 10... e5 11. O-O-O Qe7 12. Kb1 a6 13. Nc1 O-O-O 14. Nb3
exd4 $5 {Topalov counters.} 15. Rxd4 c5 16. Rd1 Nb6 17. g3 Kb8 18. Na5 Ba8 19.
Bh3 d5 $1 20. Qf4+ Ka7 21. Rhe1 d4 ({The greedy} 21... dxe4 $2 22. fxe4 Nxe4 {
is refuted by} 23. Nxe4 Rxd1+ 24. Rxd1 Bxe4 25. Re1 Re8 26. Rxe4 Qxe4 27. Qc7+
Ka8 28. Nc6) 22. Nd5 $1 Nbxd5 23. exd5 Qd6 24. Rxd4 $3 {The most impressive
combination in the history of chess commences.} cxd4 $2 ({Black gains a plus in
} 24... Kb6 $1 25. Nb3 Bxd5 26. Qxd6+ Rxd6 27. Rd2 Rhd8 {(Kasparov).}) 25. Re7+
$1 (25. Qxd4+ $2 Qb6) 25... Kb6 ({The pointe is} 25... Qxe7 $2 26. Qxd4+ Kb8
27. Qb6+) 26. Qxd4+ Kxa5 ({Kasparov analyses} 26... Qc5 27. Qxf6+ Qd6 28. Be6
$3 Bxd5 29. b4) 27. b4+ Ka4 28. Qc3 $5 ({Kavalek gives the win} 28. Ra7 $1 Bb7
(28... Nxd5 29. Rxa6+ $1 Qxa6 30. Qb2 Nc3+ 31. Qxc3 Bd5 32. Kb2 Qe6 33. Bxe6
fxe6 34. Qb3+ $1 Bxb3 35. cxb3#) (28... Bxd5 29. Qc3 $1) 29. Rxb7 Qxd5 (29...
Nxd5 30. Bd7 $3) (29... Rhe8 30. Bf1 $3) 30. Rb6 $1 a5 31. Ra6 Ra8 32. Qe3 $3
Rxa6 33. Kb2 axb4 34. axb4 Kxb4 35. Qc3+ Ka4 36. Qa3#) 28... Qxd5 29. Ra7 Bb7
30. Rxb7 $1 Qc4 ({A heroic fight offers} 30... Rhe8 31. Rb6 Ra8 32. Bf1 $3 {
(Ligterink)} Re1+ $1 33. Qxe1 Nd7 34. Rb7 $1 Ne5 (34... Qxb7 35. Qd1 $1) 35.
Qc3 Qxf3 36. Bd3 Qd5 37. Be4 $1 Qxe4 38. Ka2) 31. Qxf6 Kxa3 ({After} 31... Rd1+
$1 32. Kb2 Ra8 33. Qb6 Qd4+ 34. Qxd4 Rxd4 35. Rxf7 a5 36. Be6 $1 axb4 37. Bb3+
Ka5 38. axb4+ Rxb4 39. c3 $18 {(Kasparov).}) 32. Qxa6+ Kxb4 33. c3+ $1 Kxc3 34.
Qa1+ Kd2 35. Qb2+ Kd1 {The king seems to have found a safe haven on d1! But
White gives the final blow with two powerful moves.} (35... Ke3 36. Re7+ Kxf3
37. Qg2#) 36. Bf1 $1 Rd2 37. Rd7 $1 Rxd7 38. Bxc4 bxc4 39. Qxh8 Rd3 40. Qa8 c3
41. Qa4+ Ke1 42. f4 f5 43. Kc1 Rd2 44. Qa7 1-0

[Event "Hoogovens"]
[Site "Wijk aan Zee 61"]
[Date "1999.??.??"]
[Round "4"]
[White "Kramnik, Vladimir"]
[Black "Reinderman, Dimitri"]
[Result "1/2-1/2"]
[WhiteElo "2750"]
[BlackElo "2540"]
[Annotator "JvR"]
[PlyCount "67"]
[EventDate "1999.??.??"]
[EventCountry "NED"]

1. d4 g6 2. e4 Bg7 3. c4 d6 4. Nc3 e5 5. Nge2 exd4 6. Nxd4 Nc6 7. Be3 Nge7 8.
Nxc6 Nxc6 9. Qd2 Be6 10. Be2 Qd7 11. O-O O-O 12. Rad1 Rad8 13. Bh6 ({Similar is
} 13. Nd5 f5 14. exf5 Bxf5 15. Bh6 {(Sergeev-Moehring, Ceske Budejovice 1994).}
) 13... f6 ({The immediate} 13... f5 {equalises.}) 14. Bxg7 Qxg7 15. b3 Kh8 16.
Nd5 f5 17. exf5 Bxf5 18. f4 Rde8 19. Rfe1 h5 20. Bf3 Nd4 $1 {Reinderman
defends actively.} 21. Rxe8 $6 ({Kramnik notices} 21. Qxd4 $4 Rxe1+ {of course.
}) ({A weakening avoids} 21. Be4 $1 Bxe4 (21... Nxb3 $6 22. axb3 Bxe4 23. Nxc7
Qxc7 24. Qd4+ Qg7 25. Rxe4) 22. Qxd4 Bxd5 23. Rxe8 Rxe8 24. Qxg7+ Kxg7 25. cxd5
) 21... Nxf3+ 22. gxf3 Rxe8 23. Kf2 c6 $6 {Black has a weak pawn too.} 24. Ne3
Qe7 25. Ng2 Rd8 26. Qd4+ Kh7 27. Qxa7 c5 28. Qa5 Qf6 29. Qd2 Bh3 30. Qe3 Rd7
31. Kg3 Bxg2 32. Kxg2 Re7 33. Qd2 Re6 34. Re1 {Super trio: Anand and Kasparov
3 1/2, Kramnik 2 1/2.} 1/2-1/2

[Event "Hoogovens"]
[Site "Wijk aan Zee 61"]
[Date "1999.??.??"]
[Round "5"]
[White "Reinderman, Dimitri"]
[Black "Kasparov, Gary"]
[Result "0-1"]
[WhiteElo "2540"]
[BlackElo "2810"]
[Annotator "JvR"]
[PlyCount "96"]
[EventDate "1999.??.??"]
[EventCountry "NED"]

1. e4 c5 2. Nf3 d6 3. d4 cxd4 4. Nxd4 Nf6 5. Nc3 a6 6. Bc4 e6 7. Bb3 Nc6 8. Be3
Qc7 9. f4 Be7 10. Qf3 O-O 11. O-O-O Nxd4 12. Rxd4 b5 13. g4 e5 (13... b4 $5 14.
Rxb4 d5 {stems from Anand-Piket, Amsterdam 1990.}) 14. Nd5 Nxd5 15. Rxd5 b4 $1
({Kasparov avoids} 15... Be6 $2 16. f5 $1 Bxd5 17. Bxd5) 16. f5 a5 17. Ba4 Bb7
18. g5 $1 {Reinderman wants to sacrifice the exchange.} Rfc8 19. Qg2 Bxd5 20.
exd5 Qc4 21. Kb1 Qh4 $5 {The white bishop and black queen hinder the pawn
avalanches.} 22. Bc6 $6 ({Consequent is} 22. f6) 22... a4 $1 23. Rf1 $5 Qc4 $1
24. Rg1 $2 {This is no serious chess.} ({White still can play} 24. f6) 24... b3
$1 25. a3 Rxc6 26. dxc6 Rc8 27. Rd1 Rxc6 28. cxb3 $6 (28. c3 {keeps the
position closed.}) 28... axb3 29. Ka1 e4 30. Qd2 f6 31. h4 Kf7 32. Qd5+ Qxd5
33. Rxd5 g6 34. fxg6+ Kxg6 35. Rb5 fxg5 36. hxg5 Rc2 37. Kb1 Rg2 38. Rxb3 Bxg5
39. Bxg5 Kxg5 40. a4 Kf4 41. Rb7 e3 42. Re7 Kf3 43. Kc1 d5 44. a5 d4 45. Rxh7
d3 46. Rh1 Rc2+ 47. Kb1 e2 48. a6 Rc8 0-1